000 00753nam a22002537a 4500
003 OSt
005 20220107122720.0
008 130820b xxu||||| |||| 00| 0 eng d
020 _a9781439856826
040 _cIIITM-K
082 0 0 _a005.437R LAW/P
100 1 _aLawrence, Michael
_91910
245 1 0 _aProgramming graphical user interfaces in R
_cMichael F Lawrence, John Verzani
260 _aBoca Raton,
_bCRC Press,
_c2012.
300 _axv, 463 p.
440 0 _aChapman & Hall/CRC the R series
_91911
650 0 _aCOMPUTER SCIENCE
_91912
650 0 _aMATHEMATICS
_91913
650 0 _aCOMPUTER SYSTEMS
_91914
650 0 _aGUI PROGRAMMING
_91915
650 7 _aR PROGRAMMING LANGUAGE
_91916
700 1 _aVerzani, John
_91917
942 _2ddc
_cBK
999 _c3252
_d3252